The Times. (Record no. 2303)

MARC details
000 -LEADER
campo de control de longitud fija 00809nas a2200253 i 4500
001 - NÚMERO DE CONTROL
campo de control 2303
003 - IDENTIFICADOR DE NÚMERO DE CONTROL
campo de control ES-MaACL
005 - FECHA Y HORA DE LA ÚLTIMA TRANSACCIÓN
campo de control 20250718150801.0
008 - DATOS DE LONGITUD FIJA--INFORMACIÓN GENERAL
campo de control de longitud fija 950801d1788 xxkd| | 1 ||ng d
022 ## - NÚMERO INTERNACIONAL NORMALIZADO PARA PUBLICACIONES SERIADAS
Número Internacional Normalizado para Publicaciones Seriadas 0140-0460
080 ## - NÚMERO DE LA CLASIFICACIÓN DECIMAL UNIVERSAL
Número de la Clasificación Decimal Universal (054)
245 04 - MENCIÓN DEL TÍTULO
Título The Times.
260 ## - PUBLICACIÓN, DISTRIBUCIÓN, ETC.
Lugar de publicación, distribución, etc. London :
Nombre del editor, distribuidor, etc. The Times Publishing Company,
Fecha de publicación, distribución, etc. [1788]-
300 ## - DESCRIPCIÓN FÍSICA
Extensión 438 v. ;
Dimensiones 62 cm.
310 ## - PERIODICIDAD ACTUAL
Periodicidad actual Diaria, excepto domingos
362 1# - FECHAS DE PUBLICACIÓN Y/O DESIGNACIÓN SECUENCIAL
Fecha de publicación y/o designación secuencial Comenzó con n. 1023 (mar. 18, 1788) -
500 ## - NOTA GENERAL
Nota general Fecha de publicación tomada de : Gran Enciclopedia Larousse, t. 10.
580 ## - NOTA DE RELACIÓN COMPLEJA
Nota de relación compleja Numerosos suplementos.
650 14 - PUNTO DE ACCESO ADICIONAL DE MATERIA--TÉRMINO DE MATERIA
Término de materia o nombre geográfico como elemento de entrada Periódicos
9 (RLIN) 15941
852 ## - LOCALIZACIÓN
Ubicación ES-MaACL
Número de control de estantería HEM-GF-40
itemnumber 2343
Nota libre Expurgado: 22-1-2025
866 #0 - MENCIÓN TEXTUAL DE FONDOS--UNIDAD BIBLIOGRÁFICA BÁSICA
Fondos 1957-71,1975-76(1977)(1978f.feb-mar.y dic.),1980-2007(2008).
942 ## - ELEMENTOS DE ENTRADA SECUNDARIOS (KOHA)
Fuente del sistema de clasificación o colocación Clasificación decimal universal
Tipo de ítem Koha Periódico
Holdings
Estatus retirado Estado de pérdida Fuente del sistema de clasificación o colocación Estado de daño No para préstamo Colección Biblioteca de origen Biblioteca actual Ubicación en estantería Fecha de adquisición Total de préstamos Signatura topográfica completa Código de barras Visto por última vez Precio de reemplazo Tipo de ítem Koha
Expurgado   Clasificación decimal universal     Periódicos y Revistas Biblioteca del Ateneo de Madrid Biblioteca del Ateneo de Madrid Depósito 1 17/01/2008   HEM-GF-40 1002344 23/02/2023 23/02/2023 Periódico